000 00613nam a2200193Ia 4500
003 OSt
005 20200909124519.0
008 190216s9999||||xx |||||||||||||| ||und||
020 _a9788120311299
040 _coclc
082 _a621.3822
_bPRO/D
100 _aProakis, John G
_94524
245 0 _aDigital Signal Processing :
_bPrinciples, Algorithms and Applications /
_cJohn G Proakis ; Dimitris G Manolakis
250 _a3rd Ed.
260 _bPrentice Hall Of India,
_c2005.
_aNew Delhi:
300 _a968p
650 _aPhysics
942 _cBK
_2ddc
_h621.3822
_iPRO/D
_k621.3822
_mPRO/D
999 _c33919
_d33919